| 000 | 00754cam a22002654a 4500 | ||
|---|---|---|---|
| 003 | UPN | ||
| 005 | 20240910063911.0 | ||
| 008 | 101108s2006 es r 000 f spa d | ||
| 020 | _a8434851490 | ||
| 035 | _aUPN01000178431 | ||
| 040 |
_aUPN _bspa _cUPN |
||
| 049 | _aCG | ||
| 050 | 4 |
_aPT2668 A7.7 _bC6.5 2006 |
|
| 100 | 1 |
_aHärtling, Peter, _d1933-2017 _943589 |
|
| 245 | 1 | 0 |
_aCon Clara somos seis / _cPeter Härtling ; tr. de Amalia Bermejo. |
| 250 | _a11a ed. | ||
| 260 |
_aMadrid : _bSM, _c2006. |
||
| 300 | _a127 p. | ||
| 490 | 0 |
_aEl barco de vapor ; _v94 |
|
| 534 |
_pTítulo original: _tMit Clara sind wir sechs |
||
| 650 | 4 |
_aLiteratura juvenil alemana _912357 |
|
| 650 | 2 |
_aVida familiar _912440 |
|
| 905 | _aLibro | ||
| 942 |
_2lcc _cLIBRO |
||
| 999 |
_c150534 _d150534 |
||